50 States, 50 Plates Quiz Stats

 Plays Quiz Updated Jan 11, 2019

Challenge
Share
Tweet
Score 0/50 Timer 12:00
14 Plays Today
% Correct
Florida
86.4%
Hawaii
86%
New York
82%
Texas
77.9%
New Jersey
76%
Minnesota
75.9%
Illinois
72.3%
Wisconsin
70.8%
Idaho
70%
North Carolina
69.7%
Arizona
68.1%
South Dakota
67.6%
Georgia
66.6%
Missouri
66.4%
Wyoming
65.8%
Connecticut
64.9%
New Mexico
63%
Colorado
63%
Kentucky
63%
Maryland
61.5%
New Hampshire
60.9%
Delaware
60.5%
Tennessee
59.8%
Alaska
59.5%
Utah
59.2%
% Correct
South Carolina
58.1%
Pennsylvania
58%
Oregon
57.7%
Montana
56.6%
Louisiana
53%
Vermont
52.2%
Oklahoma
50.7%
Washington
50.6%
Ohio
47.5%
Rhode Island
47.3%
Massachusetts
46.5%
West Virginia
46.3%
Nevada
45.7%
Michigan
43.4%
Arkansas
41.5%
Maine
40.9%
Indiana
40.6%
North Dakota
39.6%
Virginia
38.8%
California
37%
Iowa
33%
Mississippi
30.2%
Kansas
23.1%
Nebraska
22.9%
Alabama
21%

You're not logged in!

Compare scores with friends on all Sporcle quizzes.
OR
Log In

You Might Also Like...

Show Comments

Extras

Top Quizzes Today


Score Distribution

Your Account Isn't Verified!

In order to create a playlist on Sporcle, you need to verify the email address you used during registration. Go to your Sporcle Settings to finish the process.

Report this User

Report this user for behavior that violates our Community Guidelines.

Details: